00473pab a2200157 454500008004000000100001400040245005800054260000900112300000900121362000900130650002000139773002900159909000900188999001500197952010300212180718b1988 xxu||||| |||| 00| 0 eng d aJha, J.K. aRole of social forestry in the uplifitment of tribals c1988 a5-10 aMar. aForests - India aTribal research Bulletin a9032 c9032d9032 00104070aIIPAbIIPAd2018-07-19hVolume no: 10, Issue no: 2pAR9046r2018-07-19w2018-07-19yAR